Gracie Abrams TSOU Tour Surprise Songs - Statistics

General Stats
  • This quiz has been taken 42 times
  • The average score is 15 of 23
Answer Stats
Hint Answer % Correct
Sep 5 - Portland, OR Right now
82%
Oct 15 - Philadelphia, PA Right now
82%
Sep 6 - Seattle, WA Camden
79%
Oct 10 - Portland, ME Long Sleeves
76%
Sep 12 - Los Angeles, CA Best
73%
Sep 25 - Minneapolis, MN Amelie
70%
Sep 26 - Chicago, IL Cool
70%
Sep 30 - Atlanta, GA Difficult
70%
Oct 4 - New York, NY Rockland
70%
Oct 9 - Boston, MA Augusta
67%
Sep 11 - Los Angeles, CA I should hate you
67%
Oct 14 - New York, NY Block me out
64%
Sep 22 - Austin, TX This is what the drugs are for
64%
Sep 8 - Berkely, CA The Bottom
61%
Oct 2 - Washington, DC Fault line
58%
Sep 9 - Los Angeles, CA That's So True
58%
Sep 20 - Houston, TX The Blue
58%
Sep 16 - Denver, CO Better
55%
Oct 5 - New York, NY Packing It Up
55%
Sep 15 - Denver, CO Older
52%
Sep 24 - Kansas City, MO Wishful Thinking
52%
Sep 19 - Irving, TX In Between
48%
Sep 29 - Nashville, TN Abby
39%
No matching quizzes found
Score Distribution
Percent of People with Each Score
Percentile by Number Answered
Your Score History
You have not taken this quiz